Accounting and Tax Aspects of Non-Profit Organizations in Slovak Republic Foundation

Na minha lista:
Detalhes bibliográficos
Autor principal: Kudlová, Zuzana, 1986-
Formato: Capítulo de Livro
Idioma:inglês
Assuntos:
Tags: Adicionar Tag
Sem tags, seja o primeiro a adicionar uma tag!

MARC

LEADER 00000naa$a2200000$$$4500
001 0272690
005 20240502074311.3
041 0 |a eng 
044 |a SK 
245 1 0 |a Accounting and Tax Aspects of Non-Profit Organizations in Slovak Republic Foundation  |c Zuzana Kudlová 
500 |a abstrakt 
610 2 0 |a organizácie neziskové 
610 2 0 |a dane 
610 2 0 |a účtovníctvo 
610 2 0 |a Slovensko 
100 1 |a Kudlová, Zuzana, 1986-